| 000 | 01505nam a2200409Ia 4500 | ||
|---|---|---|---|
| 001 | ebr10505559 | ||
| 003 | CaPaEBR | ||
| 006 | m u | ||
| 007 | cr cn||||||||| | ||
| 008 | 001002s2002 caua sb 001 0 eng d | ||
| 010 | _z 00045926 | ||
| 020 | _z9780833029379 | ||
| 020 | _z9780833032522 | ||
| 020 | _z0833029371 | ||
| 040 |
_aCaPaEBR _cCaPaEBR |
||
| 035 | _a(OCoLC)64582510 | ||
| 050 | 1 | 4 |
_aUG1530 _b.S72 2002eb |
| 082 | 0 | 4 |
_a358/.8/0973 _221 |
| 245 | 0 | 0 |
_aSpace weapons _h[electronic resource] : _bearth wars / _cBob Preston ... [et al.]. |
| 260 |
_aSanta Monica, CA : _bRand, _c2002. |
||
| 300 |
_axxvii, 201 p. : _bill. |
||
| 500 | _a"Project Air Force." | ||
| 500 | _a"Prepared for the United States Air Force." | ||
| 500 | _a"MR-1209-AF." | ||
| 504 | _aIncludes bibliographical references (p. 189-201) and index. | ||
| 533 |
_aElectronic reproduction. _bPalo Alto, Calif. : _cebrary, _d2011. _nAvailable via World Wide Web. _nAccess may be limited to ebrary affiliated libraries. |
||
| 650 | 0 | _aSpace weapons. | |
| 650 | 0 | _aSpace warfare. | |
| 650 | 0 |
_aAstronautics, Military _zUnited States. |
|
| 651 | 0 |
_aUnited States _xMilitary policy. |
|
| 655 | 7 |
_aElectronic books. _2local |
|
| 700 | 1 |
_aPreston, Bob, _d1951- |
|
| 710 | 1 |
_aUnited States. _bAir Force. |
|
| 710 | 2 | _aProject Air Force (U.S.) | |
| 710 | 2 | _aebrary, Inc. | |
| 856 | 4 | 0 |
_uhttp://site.ebrary.com/lib/rucke/Doc?id=10505559 _zAn electronic book accessible through the World Wide Web; click to view |
| 999 |
_c113765 _d113765 |
||